[Event "Capablanca Mem Mixto"]
[Site "Havana CUB"]
[Date "2002.05.12"]
[Round "6"]
[White "Montalvo,A"]
[Black "Ocampo,R MEX"]
[Result "1-0"]
[WhiteElo "2268"]
[BlackElo "2312"]

1.d4 Nf6 2.Bg5 Ne4 3.Bf4 c5 4.f3 Nf6 5.d5 Qb6 6.Nc3 Qxb2 7.Bd2 Qb6 8.e4 d6
9.f4 g6 10.e5 Nfd7 11.Rb1 Qd8 12.Nf3 dxe5 13.fxe5 Bg7 14.e6 fxe6 15.Ng5 Qc7
16.Nxe6 Qe5+ 17.Be2 Nb6 18.Nxg7+ Qxg7 19.O-O Rf8 20.Nb5 Rxf1+ 21.Bxf1 Na6
22.Qe1 Nxd5 23.Nd6+ Kd7 24.Nxc8 Rxc8 25.Rxb7+ Nac7 26.g3 Qd4+ 27.Kh1 Kc6
28.Rb1 Rf8 29.Bg2 Qc4 30.Bf4 Kd7 31.Bxc7 Nxc7 32.Rd1+ Ke8 33.Qe5 Ne6 34.Bc6+ Kf7
35.Bd5 Qa6 36.Bxe6+  1-0

[Event "Open A"]
[Site "Ostrava CZE"]
[Date "2002.05.19"]
[Round "3"]
[White "Trombik,K"]
[Black "Vysoglad,P"]
[Result "1/2-1/2"]
[WhiteElo "2263"]
[BlackElo "2154"]

1.d4 Nf6 2.Bg5 Ne4 3.Bf4 c5 4.d5 Qb6 5.Qc1 d6 6.f3 Nf6 7.e4 e5 8.Be3 Be7
9.Bd3 O-O 10.Ne2 Na6 11.c3 Bd7 12.a4 Qc7 13.Nd2 Qc8 14.O-O Nc7 15.Kh1 b5
16.axb5 Nxb5 17.Nc4 Rb8 18.Ng3 h5 19.Bg5 h4 20.Bxh4 Nxd5 21.Bxe7 Nxe7 22.f4 f6
23.f5 d5 24.exd5 Nxd5 25.Be4 Nf4 26.Rxf4 exf4 27.Bd5+ Rf7 28.Bxf7+ Kxf7 29.Qxf4 Kg8
30.Rc1 Bc6 31.Re1 Qf8 32.h3 Re8 33.Rxe8 Bxe8 34.Ne4 Qe7 35.Qg4 Bc6 36.Ncd2 a5
37.Kh2 Kh7 38.Ng3 Nd6 39.Nb3 Nb7 40.Nd2 Nd6 41.Nc4 Nxc4 42.Qh4+ Kg8 43.Qxc4+ Kh7
44.b4 axb4 45.cxb4 Qb7 46.bxc5 Bxg2 47.Qe2 Bc6 48.Qf2 Qb8 49.h4 Qb4 50.Kh3 Qc3
51.Kh2 Qb4 52.Ne2 Qe4 53.Kh3 Qh1+ 54.Kg4 Qd1 55.Kf4 Qh1 56.Ke3 Qe4+ 57.Kd2 Qb4+  1/2-1/2

[Event "Elekes Mem IM"]
[Site "Budapest HUN"]
[Date "2002.05.22"]
[Round "5"]
[White "Dudas,Jano"]
[Black "Brustkern,J"]
[Result "0-1"]
[WhiteElo "2402"]
[BlackElo "2293"]

1.d4 Nf6 2.Bg5 Ne4 3.Bh4 g5 4.f3 gxh4 5.fxe4 c5 6.e3 Bh6 7.Qd3 Qb6 8.b3 Nc6
9.c3 d6 10.Nd2 cxd4 11.exd4 Qa5 12.Ngf3 h3 13.g3 Bg4 14.Be2 d5 15.exd5 Qxd5
16.O-O O-O-O 17.Ne4 f5 18.Nc5 Ne5 19.Qd1 Rd6 20.Kf2 Ng6 21.b4 f4 22.Rg1 Rf8
23.Ke1 Rdf6 24.c4 Qh5 25.Ne4 Re6 26.Qd3 Qf5 27.d5 Rxe4 28.Kd1 Ne5 29.Nh4 Nxd3
30.Nxf5 Bxf5 31.g4 Bg6 32.g5 Bg7 33.Rb1 f3 34.Bf1 Re1+ 35.Kd2 Rxb1 36.Bxh3+ Kc7
37.Rxb1 f2 38.Bf1 Ne5 39.Rc1 Nf3+ 40.Ke2 Nxh2 41.c5 Nxf1  0-1

[Event "Open A"]
[Site "Ostrava CZE"]
[Date "2002.05.25"]
[Round "9"]
[White "Trombik,K"]
[Black "Firt,S"]
[Result "0-1"]
[WhiteElo "2263"]
[BlackElo "2366"]

1.d4 Nf6 2.Bg5 Ne4 3.Bf4 c5 4.d5 Qb6 5.Qc1 e6 6.dxe6 dxe6 7.f3 Nf6 8.e4 Be7
9.Nd2 O-O 10.Ne2 Nh5 11.Be3 Nc6 12.Nc3 Qc7 13.Nb3 b6 14.Be2 a6 15.O-O Bb7
16.f4 Nf6 17.Bf3 Rfd8 18.Ne2 Rd7 19.c3 a5 20.Ng3 Rad8 21.Re1 Ba6 22.Qc2 a4
23.Nc1 b5 24.b3 a3 25.Qf2 Na5 26.Nce2 Rd3 27.Rac1 Bb7 28.b4 Nc4 29.Bxc5 Rd2
30.Bxe7 Qxe7 31.Ra1 Nb2 32.Qb6 Qd7 33.Nd4 Na4  0-1

[Event "Open A"]
[Site "Ostrava CZE"]
[Date "2002.05.25"]
[Round "9"]
[White "Karhanek,P"]
[Black "Bartos,J"]
[Result "0-1"]
[WhiteElo "2136"]
[BlackElo "2211"]

1.d4 Nf6 2.Bg5 Ne4 3.Bf4 d5 4.e3 Bf5 5.c4 e5 6.dxe5 Bb4+ 7.Ke2 Qh4 8.g3 Qh5+
9.f3 dxc4 10.g4 Qh4 11.Nh3 Bxg4 12.Qa4+ Nc6 13.Bg3 Qh5 14.fxg4 Qxg4+  0-1

[Event "Guillermo Garcia ALFIL"]
[Site "Santa Clara CUB"]
[Date "2002.05.29"]
[Round "10"]
[White "Del Rio Angelis,S"]
[Black "Hernandez,Rom"]
[Result "1-0"]
[WhiteElo "2495"]
[BlackElo "2417"]

1.d4 Nf6 2.Bg5 Ne4 3.Bf4 d5 4.Nd2 Nxd2 5.Qxd2 Bf5 6.e3 e6 7.c4 Bd6 8.Bxd6 Qxd6
9.c5 Qe7 10.Nf3 c6 11.Qa5 O-O 12.Be2 Qd8 13.Qxd8 Rxd8 14.Kd2 h6 15.b4 Nd7
16.a4 Re8 17.Rhc1 e5 18.b5 Be4 19.a5 a6 20.bxc6 bxc6 21.Nxe5 Nxe5 22.dxe5 Bxg2
23.Rcb1 Rxe5 24.Rb6 d4 25.exd4 Rd8 26.Bd3 Red5 27.Ra4  1-0

[Event "Open"]
[Site "Lido Estensi ITA"]
[Date "2002.06.16"]
[Round "9"]
[White "Brumen,D"]
[Black "Sulava,N"]
[Result "0-1"]
[WhiteElo "2408"]
[BlackElo "2548"]

1.d4 Nf6 2.Bg5 Ne4 3.Bf4 c5 4.f3 Qa5+ 5.c3 Nf6 6.Nd2 cxd4 7.Nb3 Qd8 8.cxd4 Nc6
9.e4 e5 10.dxe5 Nh5 11.Be3 Qh4+ 12.Bf2 Qg5 13.a3 Qxe5 14.Qd2 d5 15.O-O-O dxe4
16.fxe4 Be6 17.Nf3 Qc7 18.Nc5 Bxc5 19.Bxc5 Nf6 20.Ng5 Na5 21.Bb5+ Bd7 22.Bxd7+ Nxd7
23.Qxd7+ Qxd7 24.Rxd7 Kxd7 25.Bb4 Nc6 26.Nxf7 Nxb4 27.axb4 Rhe8 28.Rd1+ Ke7
29.Nd6 Red8 30.Nf5+ Kf6 31.Rf1 Ke5 32.Nxg7 Rac8+ 33.Kb1 Rd2 34.Nf5 Rcc2 35.Ne3 Rxb2+
36.Kc1 Kxe4 37.Rf3 Rf2 38.Rh3 Ra2 39.Kb1 Rae2 40.Nd1 Rf1 41.Kc1 Ree1 42.Rh4+ Kd5
43.Rh5+ Ke6  0-1

[Event "Open"]
[Site "Lido Estensi ITA"]
[Date "2002.06.16"]
[Round "9"]
[White "Brumen,D"]
[Black "Sulava,N"]
[Result "0-1"]
[WhiteElo "2408"]
[BlackElo "2548"]

1.d4 Nf6 2.Bg5 Ne4 3.Bf4 c5 4.f3 Qa5+ 5.c3 Nf6 6.Nd2 cxd4 7.Nb3 Qd8 8.cxd4 Nc6
9.e4 e5 10.dxe5 Nh5 11.Be3 Qh4+ 12.Bf2 Qg5 13.a3 Qxe5 14.Qd2 d5 15.O-O-O dxe4
16.fxe4 Be6 17.Nf3 Qc7 18.Nc5 Bxc5 19.Bxc5 Nf6 20.Ng5 Na5 21.Bb5+ Nd7 22.Bxd7+ Qxd7
23.Qxd7+ Bxd7 24.Rxd7 Kxd7 25.Bb4 Nc6 26.Nxf7 Nxb4 27.axb4 Rhe8 28.Rd1+ Ke7
29.Nd6 Red8 30.Nf5+ Kf6 31.Rf1 Ke5 32.Nxg7 Rac8+ 33.Kb1 Rd2 34.Nf5 Rcc2 35.Ne3 Rxb2+
36.Kc1 Kxe4 37.Rf3 Rf2 38.Rh3 Ra2 39.Kb1 Rae2 40.Nd1 Rf1 41.Kc1 Ree1 42.Rh4+ Kd5
43.Rh5+ Ke6  0-1

[Event "3rd IECC"]
[Site "Batumi GEO"]
[Date "2002.06.23"]
[Round "11"]
[White "Mamedyarov,S"]
[Black "Sulskis,S"]
[Result "0-1"]
[WhiteElo "2542"]
[BlackElo "2577"]

1.d4 Nf6 2.Bg5 Ne4 3.Bf4 c5 4.f3 Qa5+ 5.c3 Nf6 6.d5 Qb6 7.Bc1 e6 8.c4 exd5
9.cxd5 c4 10.e3 Bc5 11.Kf2 O-O 12.Bxc4 Re8 13.Qb3 Qd8 14.Ne2 d6 15.Rd1 a6
16.a4 Nbd7 17.Nd4 Nb6 18.Nc3 Nxc4 19.Qxc4 b5 20.Qd3 b4 21.Nc6 Qc7 22.Ne2 Nxd5
23.Qxd5 Be6 24.Qd3 Qxc6 25.b3 a5 26.Nf4 Bc8 27.Re1 Ba6 28.Qd2 d5 29.Bb2 d4
30.Bxd4 Rad8 31.Qc2 Rxd4 32.exd4 Bxd4+ 33.Kg3 Bc3 34.Rxe8+ Qxe8 35.Rd1 g5
36.Nh5 Be1+ 37.Kh3 Qe6+  0-1

[Event "Open"]
[Site "Velika Gorica CRO"]
[Date "2002.06.26"]
[Round "5"]
[White "Brumen,D"]
[Black "Gliksman,Dar"]
[Result "1-0"]
[WhiteElo "2408"]
[BlackElo "2205"]

1.d4 Nf6 2.Bg5 Ne4 3.Bf4 c5 4.f3 Nf6 5.d5 d6 6.e4 g6 7.Qc1 e6 8.c4 Nh5 9.Bg5 Be7
10.Bxe7 Qxe7 11.g3 exd5 12.cxd5 f5 13.Nc3 O-O 14.Qe3 Nd7 15.O-O-O f4 16.gxf4 Nxf4
17.Nge2 Nxe2+ 18.Bxe2 a6 19.h4 Qf6 20.h5 g5 21.h6 Qf4 22.Kd2 Qxe3+ 23.Kxe3 Kf7
24.Rdg1 Rg8 25.Rh5 Kf6 26.Kd2 Ne5 27.f4 Nf7 28.fxg5+ Rxg5 29.Rf1+ Kg6 30.Rxf7 Rxh5
31.Bxh5+ Kxh5 32.Rf6 Bg4 33.Rxd6 Rg8 34.e5 Rg6 35.e6 Rg8 36.Ne4  1-0

[Event "IV Shakkinet A"]
[Site "Helsinki FIN"]
[Date "2002.06.30"]
[Round "7"]
[White "Karttunen,M"]
[Black "Nyysti,S"]
[Result "1-0"]
[WhiteElo "2429"]
[BlackElo "2242"]

1.d4 Nf6 2.Bg5 Ne4 3.Bf4 c5 4.f3 Qa5+ 5.c3 Nf6 6.d5 Qb6 7.Bc1 e6 8.c4 exd5
9.cxd5 c4 10.e3 Qc5 11.e4 Bd6 12.Qe2 Bxh2 13.Rxh2 Qxg1 14.Rh4 Qb6 15.Nc3 d6
16.g4 Nfd7 17.f4 Qd8 18.g5 f6 19.Qh2 Nf8 20.gxf6 gxf6 21.Be3 Nbd7 22.Bxc4 a6
23.a4 Qc7 24.Be2 Nc5 25.Rh6 Qa5 26.Qh5+ Kd8 27.e5 Qb4 28.Rxf6 Qxb2 29.Rc1 Kc7
30.e6 Nb3 31.Nb5+ Kb8 32.Rxc8+  1-0

[Event "Open"]
[Site "Oberwart AUT"]
[Date "2002.07.06"]
[Round "2"]
[White "Turian,H"]
[Black "Miniboeck,G"]
[Result "0-1"]
[WhiteElo "2160"]
[BlackElo "2348"]

1.d4 Nf6 2.Bg5 Ne4 3.Bf4 c5 4.f3 Nf6 5.d5 Qb6 6.Nc3 Qxb2 7.Bd2 Qb6 8.Rb1 Qd8
9.e4 d6 10.Bb5+ Nbd7 11.f4 a6 12.Bxd7+ Qxd7 13.a4 g6 14.Nf3 Bg7 15.O-O O-O
16.Qe2 Rb8 17.a5 Rd8 18.Nd1 e6 19.c4 exd5 20.e5 Ne4 21.cxd5 Nxd2 22.Qxd2 dxe5
23.Nxe5 Bxe5 24.fxe5 Qxd5 25.Qg5 Be6 26.Nf2 Qd2 27.Qe7 c4 28.Rfe1 Re8 29.Qh4 Bf5
30.Ra1 Qd5 31.Qf4 Re6 32.g4 Bd3 33.Nh3 Rbe8 34.Ng5 Rxe5 35.Rxe5 Rxe5 36.Nxf7 Qc5+
37.Kg2  0-1

[Event "ch-SCO"]
[Site "Stirling SCO"]
[Date "2002.07.06"]
[Round "1"]
[White "Beaton,K"]
[Black "Berry,N"]
[Result "1/2-1/2"]
[WhiteElo "2103"]
[BlackElo "2255"]

1.d4 Nf6 2.Bg5 Ne4 3.Bf4 c5 4.d5 Qb6 5.Bc1 g6 6.f3 Nf6 7.e4 d6 8.c4 Bg7 9.Nc3 O-O
10.Nge2 e6 11.Ng3 exd5 12.cxd5 h5 13.Be2 Nbd7 14.Nf1 Nh7 15.Ne3 Ne5 16.O-O f5
17.f4 Ng4 18.Nc4 Qd8 19.e5 dxe5 20.Bxg4 fxg4 21.Nxe5 Bf5 22.Be3 b6 23.d6 Nf6
24.Qb3+ Kh7 25.Rad1 Nd7 26.Nf7 Qf6 27.Ng5+ Kh8 28.Bf2 Rae8 29.Rde1 Bd3 30.Nf7+ Kh7
31.Ng5+ Kh8 32.Nf7+  1/2-1/2

[Event "XX Open"]
[Site "Andorra la Vella AND"]
[Date "2002.07.12"]
[Round "7"]
[White "Andres Gonzalez,A"]
[Black "Lederer,Y"]
[Result "1/2-1/2"]
[WhiteElo "2399"]
[BlackElo "2252"]

1.d4 Nf6 2.Bg5 Ne4 3.Bf4 c5 4.f3 Qa5+ 5.c3 Nf6 6.Nd2 cxd4 7.Nb3 Qb6 8.Qxd4 Qxd4
9.Nxd4 g6 10.e4 Bg7 11.Nb5 Na6 12.O-O-O d6 13.g4 O-O 14.Be3 b6 15.Ne2 Bb7
16.Ng3 Rfc8 17.Be2 Nc5 18.Kb1 a6 19.Na3 b5 20.c4 b4 21.Nc2 b3 22.axb3 Nxb3
23.Ka2 Na5 24.b3 Nc6 25.b4 Nd7 26.Ka3 Nce5 27.Rd4 a5 28.b5 Nb6 29.Kb3 Ned7
30.Rd2 Nc5+ 31.Bxc5 Rxc5 32.Na3 Bc8 33.f4 Be6 34.Nf1 f5 35.gxf5 gxf5 36.Ng3 Rac8
37.Rc1 Bh6 38.Rg1 Kf8 39.Rc2 fxe4 40.Nxe4 Bf5 41.Bd3 R5c7 42.Rg3 d5 43.cxd5 Nxd5
44.Nc5 Bxd3 45.Rxd3 Rxc5 46.Rxd5 a4+ 47.Kb2 Bg7+ 48.Kb1 Rxc2 49.Nxc2 Rc3
50.Nd4 Bxd4 51.Rxd4 Rb3+ 52.Kc2 Rxb5 53.Rxa4 Rh5 54.Kd3 Rxh2 55.Ke4 Kf7 56.Kf5 Rg2
57.Ra6 Rg6 58.Ra3 e6+ 59.Ke5 Rf6 60.Ra7+  1/2-1/2

[Event "Open Championships"]
[Site "Paris FRA"]
[Date "2002.07.12"]
[Round "7"]
[White "Large,L"]
[Black "Lecuyer,C"]
[Result "1/2-1/2"]
[WhiteElo "2167"]
[BlackElo "2296"]

1.d4 Nf6 2.Bg5 Ne4 3.h4 d5 4.Nd2 Nxd2 5.Qxd2 c6 6.e3 Bf5 7.Ne2 h6 8.Bf4 Nd7
9.f3 Qb6 10.c3 e6 11.g4 Bh7 12.g5 O-O-O 13.b4 Re8 14.Kf2 f6 15.gxh6 gxh6
16.Bh3 Qd8 17.c4 dxc4 18.Qc3 Nb6 19.e4 Bd6 20.Bxd6 Qxd6 21.a4 Kb8 22.a5 Nd7
23.Qxc4 a6 24.Rag1 Rhg8 25.Rxg8 Bxg8 26.Qc3 Bf7 27.Qd2 h5 28.Qf4 e5 29.Qf5 Nf8
30.dxe5 Rxe5 31.Qc8+ Ka7 32.Rg1 Re8 33.Qf5 Be6 34.Qxh5 Rd8 35.Bxe6 Nxe6 36.Qh6 c5
37.Qxf6 cxb4 38.Rg6 Qc5+ 39.Kg3 Rd6 40.Qe7 Qe5+ 41.Kg4 Rc6 42.Qxb4 Qh2 43.Ng3 Qf2
44.Qb3 Qd2 45.Rxe6 Qd7 46.Qd5 Qxe6+ 47.Qxe6 Rxe6 48.Kf5 Re8 49.e5 b5 50.e6 b4
51.Ne4 b3 52.Kf6 b2 53.Nd2 Rf8+ 54.Kg7 Rxf3 55.e7 b1=Q 56.Nxb1 Re3 57.Kf8 Rf3+
58.Ke8 Kb7 59.Kd7  1/2-1/2

[Event "FSIMA July"]
[Site "Budapest HUN"]
[Date "2002.07.15"]
[Round "10"]
[White "Dudas,Jano"]
[Black "Hajnal,Z"]
[Result "0-1"]
[WhiteElo "2368"]
[BlackElo "2377"]

1.d4 Nf6 2.Bg5 Ne4 3.Bh4 d5 4.f3 Nd6 5.Nc3 c5 6.dxc5 Nf5 7.Bf2 d4 8.Ne4 e5
9.g4 Nh6 10.e3 Nc6 11.exd4 exd4 12.c3 f5 13.gxf5 Bxf5 14.cxd4 Ng4 15.fxg4 Bxe4
16.Nf3 Qa5+ 17.Ke2 O-O-O 18.a3 Bxc5 19.b4 Qc7 20.bxc5 Rhf8 21.Bg2 Qf4 22.Qb3 Qxg4
23.Rhg1 Rde8 24.Kf1 Rxf3 25.Bxf3 Qh3+ 26.Ke1 Bxf3+ 27.Kd2 Re2+ 28.Kc3 Bd5+
29.Rg3 Qxg3+ 30.Bxg3 Re3+  0-1

[Event "EuJun"]
[Site "Baku AZE"]
[Date "2002.07.18"]
[Round "5"]
[White "Kanep,M"]
[Black "Gashimov,V"]
[Result "0-1"]
[WhiteElo "2358"]
[BlackElo "2470"]

1.d4 Nf6 2.Bg5 Ne4 3.Bf4 c5 4.f3 Qa5+ 5.c3 Nf6 6.d5 e6 7.e4 exd5 8.exd5 d6
9.Na3 Be7 10.Qb3 O-O 11.Bd3 Nbd7 12.Ne2 Nb6 13.Be4 Bd7 14.Qd1 Nxe4 15.fxe4 f5
16.e5 dxe5 17.Bxe5 c4 18.Bc7 Bxa3 19.bxa3 Rae8 20.Bxb6 Qxb6 21.Rb1 Qc5 22.Rxb7 Rf7
23.Rf1 Qd6 24.Kf2 Qxh2 25.Qd4 f4 26.Rxd7 Rxd7 27.Qxc4 f3 28.d6+ Rf7  0-1

[Event "24th Politiken Cup"]
[Site "Copenhagen DEN"]
[Date "2002.07.24"]
[Round "9"]
[White "Brondum,E"]
[Black "Preuss,F"]
[Result "1/2-1/2"]
[WhiteElo "2219"]
[BlackElo "2063"]

1.d4 Nf6 2.Bg5 Ne4 3.h4 d5 4.Nd2 Nxd2 5.Qxd2 Bf5 6.e3 Qd7 7.Bd3 Nc6 8.Nf3 f6
9.Bf4 O-O-O 10.Bb5 e6 11.a3 Bd6 12.Qc3 Bxf4 13.exf4 Qd6 14.Bxc6 Qxc6 15.Qxc6 bxc6
16.Kd2 Rhe8 17.Rhe1 Be4 18.Nh2 Bxg2 19.Rg1 Bh3 20.Rxg7 Rd7 21.Rag1 Bf5 22.h5 e5
23.fxe5 fxe5 24.Nf3 exd4 25.Nxd4 Be4 26.f3 c5 27.fxe4 cxd4 28.exd5 Rxd5 29.Rxh7 Ree5
30.Rgg7 Rc5 31.h6 Rh5 32.Rg2 Rc6 33.Rh8+ Kb7 34.h7 Rch6 35.Rd8 Rxh7 36.Rxd4 R5h6
37.b3 Rf7 38.Kc3 Rf3+ 39.Kb2 Rc6 40.Rgg4 Rf2 41.Rc4 Rxc4 42.Rxc4 Kb6 43.Rb4+ Kc6
44.Rb8 Rh2 45.Rg8 Kb6 46.Rg6+ Kb7 47.Rg5 Kb6 48.b4 a6 49.Kb3 Rh3+ 50.c3 Rf3
51.Rg4 Rh3 52.Rg6+ Kb7 53.a4 Rf3 54.Rg5 Rh3 55.Kc4 Rf3 56.Kd4 Rh3 57.Kc4 Rf3
58.b5 Rf4+ 59.Kb3 axb5 60.axb5 c6 61.bxc6+ Kxc6 62.Rg7 Rh4  1/2-1/2

[Event "ch-TUR"]
[Site "Ankara TUR"]
[Date "2002.07.25"]
[Round "3"]
[White "Karadeniz,E"]
[Black "Cetinkaya,V"]
[Result "1-0"]
[WhiteElo "2300"]
[BlackElo "2095"]

1.d4 Nf6 2.Bg5 Ne4 3.Bf4 d5 4.f3 Nf6 5.e4 e6 6.e5 Nfd7 7.Be3 c5 8.c3 Qb6
9.Qd2 Nc6 10.f4 Be7 11.Nf3 O-O 12.Bd3 f6 13.O-O c4 14.Bc2 Kh8 15.b3 cxb3
16.axb3 Qc7 17.Na3 a6 18.c4 Bxa3 19.Rxa3 Ne7 20.Qd3 g6 21.Bd2 fxe5 22.fxe5 Nc6
23.Raa1 Qd8 24.Bh6 Rf5 25.Qd2 Nf8 26.g4 Ne7 27.gxf5 Nxf5 28.Bxf5  1-0

[Event "24th Politiken Cup"]
[Site "Copenhagen DEN"]
[Date "2002.07.26"]
[Round "11"]
[White "Pert,R"]
[Black "McShane,L"]
[Result "1/2-1/2"]
[WhiteElo "2357"]
[BlackElo "2544"]

1.d4 Nf6 2.Bg5 Ne4 3.Bf4 d6 4.Nd2 Bf5 5.e3 Nxd2 6.Qxd2 Nd7 7.Nf3 e6 8.Bd3 Bxd3
9.Qxd3 Be7 10.O-O O-O 11.Rad1 c6 12.c4 Qa5 13.a3 Rfc8 14.Rc1 Qd8 15.Bg3 a5
16.Nd2 a4 17.Rfd1 Ra5 18.Rc3 Rca8 19.h3 h6 20.Rb1 R8a7 21.Qc2 d5 22.Rd1 Qc8
23.e4 dxe4 24.Nxe4 Nf6 25.Be5 Nxe4 26.Qxe4 Qd8 27.Rf3 Bd6 28.Rdd3 Qc7 29.Rde3 Bxe5
30.dxe5 Ra8 31.Rg3 Rd8 32.Qf4 Kh8 33.Ref3 Rxe5 34.Qxf7 Re1+ 35.Kh2 Rdd1 36.Qe8+ Kh7
37.Qg6+ Kg8 38.Qe8+  1/2-1/2

[Event "ch-BEL"]
[Site "Geel BEL"]
[Date "2002.07.31"]
[Round "5"]
[White "Bagheri,A"]
[Black "Claesen,P"]
[Result "1/2-1/2"]
[WhiteElo "2451"]
[BlackElo "2404"]

1.d4 Nf6 2.Bg5 Ne4 3.Bh4 g5 4.f3 gxh4 5.fxe4 e5 6.e3 Qg5 7.Kf2 Bh6 8.Qe1 exd4
9.exd4 Qc1 10.Nc3 Qxc2+ 11.Qe2 Qxe2+ 12.Bxe2 d6 13.Nf3 h3 14.g3 Nc6 15.Nd5 Kd8
16.Rhe1 Be6 17.Nf4 Nb4 18.d5 Bg4 19.Rec1 a5 20.a3 Na6 21.b4 Re8 22.Rc4 Bg7
23.Rb1 axb4 24.axb4 b5 25.Rc2 Rxe4 26.Ra2 Bd7 27.Bd3 Re7 28.Rb3 Kc8 29.Ra5 c6
30.Rba3 Kb7 31.dxc6+ Bxc6 32.Bxb5 Bxb5 33.Rxb5+ Kc6 34.Rba5 Kb7 35.b5 Nc7
36.Rxa8 Nxa8 37.Nd5 Re4 38.Ra6 Bd4+ 39.Kf1 Bc5 40.Ra2 Nb6 41.Nf6 Re3 42.Ng5 Re5
43.Ngxh7 Rf5+ 44.Ke1 Bd4 45.Ne4 Nc8 46.Rd2 Bg1 47.Rxd6 Re5 48.Rd7+ Kb6 49.Nf6 Bxh2
50.Rxf7 Kxb5 51.Kf2 Rf5+ 52.Ke2 Bg1 53.Rh7 h2 54.Ng4 Kc4 55.Nxh2 Bxh2 56.Rxh2 Kd4
57.Rh4 Ke5 58.Nd2 Ne7 59.Rh6 Rf6 60.Rh5+ Rf5 61.Nf3+ Kf6 62.Rh6+ Kg7 63.Re6 Kf7
64.Re4 Ra5 65.g4 Ng6 66.Kf2 Kf6 67.Kg3 Ra3 68.Re8 Rb3 69.Kf2 Rb2+ 70.Ke1 Ra2
71.Rb8 Ra4 72.Rb6+ Kg7 73.Rb7+ Kf6 74.g5+ Kf5 75.Rb6 Kg4 76.Rxg6 Kxf3 77.Rf6+ Kg4
78.g6 Ra8 79.g7 Rg8 80.Rf2 Kg5 81.Rg2+ Kf6 82.Kf2 Rxg7 83.Rxg7 Kxg7  1/2-1/2

[Event "Lost Boys Open"]
[Site "Amsterdam NED"]
[Date "2002.08.01"]
[Round "7"]
[White "Ernst,S"]
[Black "Odendahl,R"]
[Result "1/2-1/2"]
[WhiteElo "2469"]
[BlackElo "2379"]

1.d4 Nf6 2.Bg5 Ne4 3.h4 d5 4.Nd2 Bf5 5.Nxe4 Bxe4 6.f3 h6 7.fxe4 hxg5 8.e5 e6
9.e3 c5 10.Nf3 g4 11.Nd2 Rxh4 12.Bb5+ Nc6 13.Rf1 g6 14.Qe2 Bh6 15.O-O-O Rh5
16.Kb1 a6 17.Bxc6+ bxc6 18.Nb3 c4 19.Nc5 Qh4 20.Nb7 Ra7 21.Nd6+ Kf8 22.b3 Qg3
23.bxc4 Rh2 24.Qd3 Kg8 25.Nxf7 Rxf7 26.Qxg6+ Rg7 27.Qxe6+ Kh7 28.Rf6 Qxg2
29.Qf5+ Kh8 30.Rf8+ Rg8 31.Rxg8+ Kxg8 32.cxd5 cxd5 33.e6 Qe4 34.Qf7+ Kh8
35.Rd3 Bxe3 36.Qf6+ Kh7 37.e7 Qh1+ 38.Kb2 Rxc2+ 39.Kxc2 Qc1+ 40.Kb3 Qc4+
41.Kb2 Qc1+  1/2-1/2

[Event "II UPI"]
[Site "Mancha Real ESP"]
[Date "2002.08.02"]
[Round "1"]
[White "Fernandez Siles,L"]
[Black "Carruana Fuentes,R"]
[Result "1-0"]
[WhiteElo "2236"]
[BlackElo "2096"]

1.d4 Nf6 2.Bg5 Ne4 3.Bh4 c5 4.f3 Qa5+ 5.c3 Nf6 6.d5 Qb6 7.b3 d6 8.e4 g6 9.Nd2 Bg7
10.Bd3 O-O 11.Ne2 e6 12.c4 e5 13.g4 a5 14.Nc3 Na6 15.a3 Bd7 16.O-O Rae8 17.Kh1 Bc8
18.Rg1 Bd7 19.Nf1 Kh8 20.Ra2 Nc7 21.Rag2 Rg8 22.Bc2 Qa6 23.a4 b6 24.Qd2 Qc8
25.Bg5 Ref8 26.Qf2 Qe8 27.Qh4 Qe7 28.Rg3 Nce8 29.Rh3 Bc8 30.Qxh7+ Nxh7 31.Bxe7 Bf6
32.Bxf8 Rxf8 33.Rhg3 Ng7 34.Ne3 Ng5 35.h4 Nh7 36.Kg2 Bxh4 37.Rh3 g5 38.Kf1 Nh5
39.Rxh4 gxh4 40.gxh5 h3 41.Nf5 Nf6 42.Rh1  1-0

[Event "Open"]
[Site "Olomouc CZE"]
[Date "2002.08.02"]
[Round "3"]
[White "Karhanek,P"]
[Black "Balabaev,T"]
[Result "1/2-1/2"]
[WhiteElo "2175"]
[BlackElo "2441"]

1.d4 Nf6 2.Bg5 Ne4 3.Bf4 c5 4.d5 Qb6 5.Bc1 g6 6.f3 Nf6 7.e4 d6 8.Nc3 Bg7
9.Nge2 h5 10.h4 Nbd7 11.a4 Ne5 12.a5 Qd8 13.Nf4 O-O 14.Be2 Rb8 15.Be3 Bd7
16.Nh3 b5 17.axb6 axb6 18.Qc1 b5 19.Bh6 b4 20.Nd1 e6 21.Bxg7 Kxg7 22.dxe6 fxe6
23.Ng5 Ra8 24.Rxa8 Qxa8 25.O-O Nh7 26.Nf2  1/2-1/2

[Event "FSFM August"]
[Site "Budapest HUN"]
[Date "2002.08.04"]
[Round "2"]
[White "Hoang,T"]
[Black "Kretov,E"]
[Result "0-1"]
[WhiteElo "2099"]
[BlackElo "2125"]

1.d4 Nf6 2.Bg5 Ne4 3.Bf4 c5 4.f3 Qa5+ 5.c3 Nf6 6.Nd2 cxd4 7.Nb3 Qf5 8.Bxb8 Rxb8
9.Qxd4 b6 10.e4 Qf4 11.Nh3 Qc7 12.Be2 d6 13.Nf2 g6 14.O-O Bg7 15.Qe3 O-O
16.Rfd1 b5 17.Rac1 Be6 18.Nd4 Bc4 19.b3 Bxe2 20.Qxe2 Qb6 21.Kh1 Rfc8 22.Qe3 Rc7
23.Nc2 Qxe3 24.Nxe3 Bh6 25.Rd3 Rbc8 26.Rc2 Kf8 27.Kg1 a5 28.g4 a4 29.h4 axb3
30.axb3 Bxe3 31.Rxe3 Ra8 32.c4 Nd7 33.Rec3 Rac8 34.Nd3 bxc4 35.Rxc4 Rxc4
36.bxc4 Ke8 37.Kf2 Ra8 38.Kg3 Ra3 39.Ne1 Nc5 40.Kf2 Kd7 41.Ke2 Kc7 42.Kd2 h6
43.Rc3 Ra1 44.Nd3 Ra2+ 45.Rc2 Nb3+ 46.Kc3 Rxc2+ 47.Kxc2 Nd4+ 48.Kc3 Nxf3
49.h5 g5 50.Nf2 Kc6 51.Kb4 Ne5 52.Kb3 Kc5 53.Kc3 Nxc4 54.Nd3+ Kb5 55.Kd4 e6
56.Nf2 Nb6 57.Nd3 Kc6 58.Ne1 e5+ 59.Kc3 d5 60.Nf3 f6 61.exd5+ Kxd5 62.Kd2 Nc4+
63.Ke2 Ke4 64.Nh2 Kf4  0-1

[Event "Open"]
[Site "Davos SUI"]
[Date "2002.08.07"]
[Round "4"]
[White "Curien,N"]
[Black "Reust,E"]
[Result "1-0"]
[WhiteElo "2195"]
[BlackElo "2031"]

1.d4 Nf6 2.Bg5 Ne4 3.Bf4 d5 4.e3 e6 5.Nd2 Nxd2 6.Qxd2 Bd6 7.Nf3 O-O 8.Bd3 h6
9.O-O-O Be7 10.g4 Nd7 11.h4 c5 12.c3 Re8 13.Rdg1 Nf8 14.h5 c4 15.Bb1 Bg5
16.Bxg5 hxg5 17.e4 f6 18.e5 Qe7 19.Rg3 b5 20.h6 g6 21.h7+ Kh8 22.exf6 Qxf6
23.Ne5 Bb7 24.Rf3  1-0

[Event "ch-GBR"]
[Site "Torquay ENG"]
[Date "2002.08.09"]
[Round "11"]
[White "Bigg,A"]
[Black "Wu,L"]
[Result "1/2-1/2"]
[WhiteElo "2248"]
[BlackElo "2142"]

1.d4 Nf6 2.Bg5 Ne4 3.h4 c5 4.d5 g6 5.Qd3 Nxg5 6.Qc3 f6 7.hxg5 Bg7 8.Qd3 f5
9.Nd2 d6 10.f3 e5 11.dxe6 Bxe6 12.e4 Nc6 13.f4 Qd7 14.Ndf3 O-O-O 15.O-O-O  1/2-1/2

[Event "11th Open"]
[Site "Kavala GRE"]
[Date "2002.08.14"]
[Round "6"]
[White "Miladinovic,I"]
[Black "Janssen,R"]
[Result "0-1"]
[WhiteElo "2501"]
[BlackElo "2468"]

1.d4 Nf6 2.Bg5 Ne4 3.h4 c5 4.dxc5 Qa5+ 5.Nd2 Nxg5 6.hxg5 g6 7.c3 Qxc5 8.Ngf3 Bg7
9.a4 Nc6 10.a5 d5 11.e4 Be6 12.a6 b6 13.Qa4 O-O 14.exd5 Bxd5 15.Qh4 Rfd8
16.Bc4 Bxf3 17.Nxf3 b5 18.Bb3 Bxc3+ 19.Kf1 Bg7 20.Qxh7+ Kf8 21.Rh4 Qf5 22.Kg1 Nd4
23.Nxd4 Rxd4 24.Rxd4 Bxd4 25.Qh4 Bxb2 26.Rd1 Rc8 27.Qg3 Be5 28.Qe3 Rc3 29.Qxa7 Rxb3
30.Qa8+ Kg7 31.a7 Qd3  0-1

[Event "It"]
[Site "Tel Aviv ISR"]
[Date "2002.08.15"]
[Round "7"]
[White "Bitansky,I"]
[Black "Livshits,G"]
[Result "1-0"]
[WhiteElo "2337"]
[BlackElo "2380"]

1.d4 Nf6 2.Bg5 Ne4 3.Bf4 c5 4.d5 Qb6 5.Nd2 Nxd2 6.Bxd2 e6 7.e4 Be7 8.Bc3 exd5
9.Qxd5 O-O 10.Nf3 d6 11.Qh5 Be6 12.h4 Qc6 13.O-O-O Qxe4 14.Bd3 Qg6 15.Qxg6 hxg6
16.h5 Nc6 17.hxg6 fxg6 18.Bxg6 Bf5 19.Rh7 Ne5 20.Nxe5 Bg5+ 21.Kb1 Bxg6 22.Nxg6 Kxh7
23.Nxf8+ Rxf8 24.Rxd6 Rxf2 25.a4 Rxg2 26.Rd7 Be3 27.Rxb7 c4 28.Re7 Bf2 29.Ka2 Bg1
30.a5 Kh6 31.Rc7 g5 32.Rxc4 g4 33.Bd4 Bxd4 34.Rxd4 Kg5 35.c4 g3 36.Rd7 Rf2
37.Rg7+ Kh4 38.Rxa7 Rf5 39.Rh7+ Kg4 40.Rg7+ Kf4 41.b4 Rg5 42.Rxg5 Kxg5 43.a6 g2
44.a7 g1=Q 45.a8=Q Qe1 46.Qd5+ Kg4 47.Qd4+ Kh3 48.Kb3 Qb1+ 49.Qb2 Qe4 50.b5 Kg4
51.Qg7+ Kh4 52.Qf6+ Kg4 53.Kb4 Kh3 54.b6 Qb1+ 55.Kc5 Qg1+ 56.Qd4 Qg5+ 57.Kb4 Qe7+
58.c5 Kg2 59.Qd5+ Kg1 60.b7 Qe1+ 61.Kb5 Qb1+ 62.Kc6 Qg6+ 63.Qd6 Qg2+ 64.Kc7 Qg7+
65.Kb8  1-0

[Event "Open"]
[Site "Birstonas LIT"]
[Date "2002.08.17"]
[Round "1"]
[White "Kasparavicius,L"]
[Black "Grabliauskas,V"]
[Result "1/2-1/2"]
[WhiteElo "2124"]
[BlackElo "2449"]

1.d4 Nf6 2.Bg5 Ne4 3.Bf4 c5 4.f3 Nf6 5.d5 Qb6 6.e4 Qxb2 7.Nd2 Qc3 8.Bd3 g6
9.Ne2 Qa5 10.O-O d6 11.Nc4 Qd8 12.Nc3 Bg7 13.Qd2 O-O 14.Bh6 e6 15.Bxg7 Kxg7
16.f4 exd5 17.exd5 Na6 18.Ne3 Nc7 19.f5 Bd7 20.Ne4 Nxe4 21.Bxe4 Qh4 22.g4 f6
23.Qg2 Rae8 24.a4 Re7 25.Qf3 Qg5 26.Ng2 gxf5 27.Bxf5 Bxf5 28.Qxf5 Nxd5 29.Rad1 Qxf5
30.Rxf5 Ne3 31.Nxe3 Rxe3 32.Rxd6 Re4 33.h3 Rc4 34.g5 Kg6 35.Rf2 Rxa4 36.gxf6 Rf7
37.Rg2+ Kh6 38.Rd5 b6 39.Rf5 Rd4 40.Kh2 a5 41.Rg8 a4 42.Kg3 a3 43.h4 Rd6
44.Kg4 Rd4+ 45.Kg3 Rd1 46.Rgg5 Rg1+ 47.Kf4 Rxg5 48.hxg5+ Kg6 49.Ke5 Ra7 50.Rf1 a2
51.Ra1 Ra3 52.Ke6 b5 53.Kd5 c4 54.Kc5 Kxg5 55.f7 Rf3 56.Kxb5 Rxf7 57.Kxc4 Ra7  1/2-1/2

[Event "2nd CMA Futurity"]
[Site "Toronto CAN"]
[Date "2002.08.20"]
[Round "8"]
[White "Lawson,E"]
[Black "Wang,H"]
[Result "0-1"]
[WhiteElo "2253"]
[BlackElo "2222"]

1.d4 Nf6 2.Bg5 Ne4 3.Bf4 c5 4.d5 Qa5+ 5.c3 e6 6.f3 Nf6 7.e4 Qb6 8.Bc1 exd5
9.exd5 Bd6 10.Na3 O-O 11.Nc4 Re8+ 12.Kf2 Qc7 13.Nxd6 Qxd6 14.Bc4 Nc6 15.Nh3 Na5
16.Bf4 Qb6 17.b3 d6 18.Qd3 Nh5 19.Bg5 Bxh3 20.gxh3 h6 21.Bxh6 Qd8 22.Bd2 Qh4+
23.Kg2 Nxc4 24.bxc4 Re5 25.Rhf1 Nf4+ 26.Bxf4 Qxf4 27.Rf2 Rae8 28.Rg1 Re3
29.Qd1 Qxc4 30.Kh1 Qxc3 31.Rfg2 g6 32.Qb1 Qd3 33.Qxb7 Re1 34.Qb3 Rxg1+ 35.Rxg1 Qxb3
36.axb3 Rb8 37.Re1 Rxb3 38.Re8+ Kg7 39.Rd8 Rb6 40.Kg2 a5 41.Ra8 Rb2+ 42.Kg3 Rd2
43.Rxa5 Rxd5 44.h4 Kf6 45.Kg4 Rf5 46.f4 Ke6 47.Kf3 Kd5 48.Ke3 Rh5 49.Ra7 f5
50.Rg7 Rxh4 51.Rxg6 Rh3+ 52.Rg3 Rxg3+ 53.hxg3  0-1